| 000 | 00651nam a22002057a 4500 | ||
|---|---|---|---|
| 003 | OSt | ||
| 005 | 20250709023413.0 | ||
| 008 | 250709b |||||||| |||| 00| 0 eng d | ||
| 020 | _a9789351158288 | ||
| 040 |
_aDWCL - Main lib _cOC |
||
| 082 | _aCirc. 647.95 F686 2016 | ||
| 100 | _a3G ELearning FZ LLC | ||
| 245 |
_aFood and beverage service : _badvanced/ _c3G ELearning FZ LLC |
||
| 260 |
_aUAE : _b3G ELearning _c c2016. |
||
| 300 |
_avi, 322 pages : _b illustrations (chiefly color) ; _c30 cm. -- + 1 CD-ROM (4 3/4 in.) |
||
| 504 | _aIncludes index. | ||
| 650 | _a1. Beverages. | ||
| 650 | _a2 .Food service. | ||
| 942 |
_2ddc _cBK-CIRC _kCirc. _n0 |
||
| 999 |
_c3517 _d3517 |
||